| 000 | 003130000a22001090004500 | ||
|---|---|---|---|
| 100 | 1 | _aSantoriello, Andrea | |
| 245 | 1 | 0 | _aExternalites and the environment : Trash, trees, and trade |
| 300 | _aVol. 46, Num. 11 (Noviembre, 1996), Páginas 755-756 | ||
| 700 | 1 | _aBlock, Walter | |
| 773 | 0 | _tThe Freeman | |
| 942 | _cANA | ||
| 999 |
_c56562 _d56562 |
||